<?xml version="1.0" encoding="UTF-8"?>
<record
    xmlns:xsi="http://www.w3.org/2001/XMLSchema-instance"
    xsi:schemaLocation="http://www.loc.gov/MARC21/slim http://www.loc.gov/standards/marcxml/schema/MARC21slim.xsd"
    xmlns="http://www.loc.gov/MARC21/slim">

  <leader>00994cam a2200289 a 4500</leader>
  <controlfield tag="001">4433157</controlfield>
  <controlfield tag="003">OSt</controlfield>
  <controlfield tag="005">20211013083716.0</controlfield>
  <controlfield tag="008">940531s1995    maua     b    001 0 eng  </controlfield>
  <datafield tag="010" ind1=" " ind2=" ">
    <subfield code="a">   94021993 </subfield>
  </datafield>
  <datafield tag="020" ind1=" " ind2=" ">
    <subfield code="a">0023340428 (alk. paper)</subfield>
  </datafield>
  <datafield tag="040" ind1=" " ind2=" ">
    <subfield code="a">DLC</subfield>
    <subfield code="c">DLC</subfield>
    <subfield code="d">DLC</subfield>
  </datafield>
  <datafield tag="043" ind1=" " ind2=" ">
    <subfield code="a">n-us---</subfield>
  </datafield>
  <datafield tag="050" ind1="0" ind2="0">
    <subfield code="a">HN90.P8</subfield>
    <subfield code="b">E74 1995</subfield>
  </datafield>
  <datafield tag="082" ind1="0" ind2="0">
    <subfield code="a">303.3/8</subfield>
    <subfield code="2">20</subfield>
  </datafield>
  <datafield tag="100" ind1="1" ind2=" ">
    <subfield code="a">Erikson, Robert S.</subfield>
    <subfield code="9">13073</subfield>
  </datafield>
  <datafield tag="245" ind1="1" ind2="0">
    <subfield code="a">American public opinion :</subfield>
    <subfield code="b">its origins, content, and impact /</subfield>
    <subfield code="c">Robert S. Erikson, Kent L. Tedin.</subfield>
  </datafield>
  <datafield tag="250" ind1=" " ind2=" ">
    <subfield code="a">5th ed.</subfield>
  </datafield>
  <datafield tag="260" ind1=" " ind2=" ">
    <subfield code="a">Boston :</subfield>
    <subfield code="b">Allyn and Bacon,</subfield>
    <subfield code="c">c1995.</subfield>
  </datafield>
  <datafield tag="300" ind1=" " ind2=" ">
    <subfield code="a">x, 390 p. :</subfield>
    <subfield code="b">ill. ;</subfield>
    <subfield code="c">24 cm.</subfield>
  </datafield>
  <datafield tag="504" ind1=" " ind2=" ">
    <subfield code="a">Includes bibliographical references (p. 355-384) and index.</subfield>
  </datafield>
  <datafield tag="650" ind1=" " ind2="0">
    <subfield code="a">Public opinion</subfield>
    <subfield code="z">United States.</subfield>
    <subfield code="9">13074</subfield>
  </datafield>
  <datafield tag="700" ind1="1" ind2=" ">
    <subfield code="a">Tedin, Kent L.</subfield>
    <subfield code="9">13075</subfield>
  </datafield>
  <datafield tag="906" ind1=" " ind2=" ">
    <subfield code="a">7</subfield>
    <subfield code="b">cbc</subfield>
    <subfield code="c">orignew</subfield>
    <subfield code="d">1</subfield>
    <subfield code="e">ocip</subfield>
    <subfield code="f">19</subfield>
    <subfield code="g">y-gencatlg</subfield>
  </datafield>
  <datafield tag="942" ind1=" " ind2=" ">
    <subfield code="2">ddc</subfield>
    <subfield code="c">BOOKS</subfield>
    <subfield code="n">0</subfield>
  </datafield>
  <datafield tag="999" ind1=" " ind2=" ">
    <subfield code="c">12179</subfield>
    <subfield code="d">12179</subfield>
  </datafield>
  <datafield tag="952" ind1=" " ind2=" ">
    <subfield code="0">0</subfield>
    <subfield code="1">0</subfield>
    <subfield code="2">ddc</subfield>
    <subfield code="4">0</subfield>
    <subfield code="7">0</subfield>
    <subfield code="a">008</subfield>
    <subfield code="b">008</subfield>
    <subfield code="c">GEN</subfield>
    <subfield code="d">2021-10-13</subfield>
    <subfield code="o">303.4/eri</subfield>
    <subfield code="p">SHLIB000001949</subfield>
    <subfield code="r">2021-10-13 00:00:00</subfield>
    <subfield code="t">1</subfield>
    <subfield code="w">2021-10-13</subfield>
    <subfield code="y">BOOKS</subfield>
  </datafield>
  <datafield tag="952" ind1=" " ind2=" ">
    <subfield code="0">0</subfield>
    <subfield code="1">0</subfield>
    <subfield code="2">ddc</subfield>
    <subfield code="4">0</subfield>
    <subfield code="7">0</subfield>
    <subfield code="a">008</subfield>
    <subfield code="b">008</subfield>
    <subfield code="c">GEN</subfield>
    <subfield code="d">2021-10-13</subfield>
    <subfield code="l">0</subfield>
    <subfield code="o">303.4/eri</subfield>
    <subfield code="p">SHLIB00001950</subfield>
    <subfield code="r">2021-10-13 00:00:00</subfield>
    <subfield code="t">2</subfield>
    <subfield code="w">2021-10-13</subfield>
    <subfield code="y">BOOKS</subfield>
  </datafield>
  <datafield tag="952" ind1=" " ind2=" ">
    <subfield code="0">0</subfield>
    <subfield code="1">0</subfield>
    <subfield code="2">ddc</subfield>
    <subfield code="4">0</subfield>
    <subfield code="7">0</subfield>
    <subfield code="a">008</subfield>
    <subfield code="b">008</subfield>
    <subfield code="c">GEN</subfield>
    <subfield code="d">2021-10-13</subfield>
    <subfield code="l">0</subfield>
    <subfield code="o">303.4/eri</subfield>
    <subfield code="p">SHLIB00001951</subfield>
    <subfield code="r">2021-10-13 00:00:00</subfield>
    <subfield code="t">4</subfield>
    <subfield code="w">2021-10-13</subfield>
    <subfield code="y">BOOKS</subfield>
  </datafield>
</record>
